000 00289nam a22001337a 4500
008 170421b xxu||||| |||| 00| 0 eng d
020 _a9780763718800
041 _aeng
080 _24TH
_a573
100 _a11
101 _aSHM
245 _aHUMAN BIOLOGY
_cCHIRAS, D.D
942 _2udc
_cBK
999 _c11418
_d11418